000 00298nam a22001337a 4500
008 170320b xxu||||| |||| 00| 0 eng d
020 _a9780443088742
041 _aeng
080 _a616.8
100 _a7
101 _aSHM
245 _aFUNDAMENTALS OF NEUROSCIENCE
_cHAINES, D.E
942 _2udc
_cBK
999 _c8132
_d8132